|
|
|
|
| LEADER |
03449nam a22005775i 4500 |
| 001 |
978-1-137-59758-8 |
| 003 |
DE-He213 |
| 005 |
20210625214051.0 |
| 007 |
cr nn 008mamaa |
| 008 |
170128s2017 xxu| s |||| 0|eng d |
| 020 |
|
|
|a 9781137597588
|9 978-1-137-59758-8
|
| 024 |
7 |
|
|a 10.1057/978-1-137-59758-8
|2 doi
|
| 050 |
|
4 |
|a JA76
|
| 072 |
|
7 |
|a JHB
|2 bicssc
|
| 072 |
|
7 |
|a SOC026000
|2 bisacsh
|
| 072 |
|
7 |
|a JHB
|2 thema
|
| 072 |
|
7 |
|a JP
|2 thema
|
| 082 |
0 |
4 |
|a 306.2
|2 23
|
| 100 |
1 |
|
|a Albrecht, Eduardo Zachary.
|e author.
|4 aut
|4 http://id.loc.gov/vocabulary/relators/aut
|
| 245 |
1 |
0 |
|a Alter-globalization in Southern Europe
|h [electronic resource] :
|b Anatomy of a Social Movement /
|c by Eduardo Zachary Albrecht.
|
| 250 |
|
|
|a 1st ed. 2017.
|
| 264 |
|
1 |
|a New York :
|b Palgrave Macmillan US :
|b Imprint: Palgrave Macmillan,
|c 2017.
|
| 300 |
|
|
|a XI, 166 p. 7 illus.
|b online resource.
|
| 336 |
|
|
|a text
|b txt
|2 rdacontent
|
| 337 |
|
|
|a computer
|b c
|2 rdamedia
|
| 338 |
|
|
|a online resource
|b cr
|2 rdacarrier
|
| 347 |
|
|
|a text file
|b PDF
|2 rda
|
| 505 |
0 |
|
|a Protest and Power -- Alter-globalization in Southern Europe -- Lifestyle Stereotypes -- Music and Politics, a Utopian Narrative -- A Ternary Model of Political Resistance: Subject, Action, and Object.
|
| 520 |
|
|
|a Considering the rise of global political instability and subsequent importance of new social movements, this cutting edge book examines the relationship between the alter-globalization movement and political power in Italy, Spain, and Greece. It argues that not only is the movement anti-political, but that it operates within an apolitical social milieu, as a ritualized holding pattern for middle class youths that find themselves uncomfortably placed between a receding state structure on the one hand, and a rising informal economy on the other. Its ritual liminality allows adherents to act revolutionary while assuring that their middle class privileges remain intact. The author considers the social ramifications of the movement at a time when Europe finds itself at a political and economic crossroads, and offers specific and timely case studies from the three southern European countries.
|
| 650 |
|
0 |
|a Political sociology.
|
| 650 |
|
0 |
|a Globalization.
|
| 650 |
|
0 |
|a Ethnology—Europe.
|
| 650 |
|
0 |
|a Ethnography.
|
| 650 |
|
0 |
|a Sociology.
|
| 650 |
|
0 |
|a Area studies.
|
| 650 |
1 |
4 |
|a Political Sociology.
|0 https://scigraph.springernature.com/ontologies/product-market-codes/X22170
|
| 650 |
2 |
4 |
|a Globalization.
|0 https://scigraph.springernature.com/ontologies/product-market-codes/912030
|
| 650 |
2 |
4 |
|a European Culture.
|0 https://scigraph.springernature.com/ontologies/product-market-codes/411070
|
| 650 |
2 |
4 |
|a Ethnography.
|0 https://scigraph.springernature.com/ontologies/product-market-codes/X12060
|
| 650 |
2 |
4 |
|a Sociology, general.
|0 https://scigraph.springernature.com/ontologies/product-market-codes/X22000
|
| 650 |
2 |
4 |
|a Area Studies.
|0 https://scigraph.springernature.com/ontologies/product-market-codes/X22045
|
| 710 |
2 |
|
|a SpringerLink (Online service)
|
| 773 |
0 |
|
|t Springer Nature eBook
|
| 776 |
0 |
8 |
|i Printed edition:
|z 9781137599049
|
| 776 |
0 |
8 |
|i Printed edition:
|z 9781349927418
|
| 776 |
0 |
8 |
|i Printed edition:
|z 9781349927425
|
| 856 |
4 |
0 |
|u https://doi.org/10.1057/978-1-137-59758-8
|
| 912 |
|
|
|a ZDB-2-SLS
|
| 912 |
|
|
|a ZDB-2-SXS
|
| 950 |
|
|
|a Social Sciences (SpringerNature-41176)
|
| 950 |
|
|
|a Social Sciences (R0) (SpringerNature-43726)
|